| 000 | 00807cab a2200301 4500 | ||
|---|---|---|---|
| 001 | ABS47951 | ||
| 008 | 090401t1993 xxu||||| |||| 00| 0 eng d | ||
| 035 | _a(Sirsi) u64179 | ||
| 041 | _aeng | ||
| 100 | _aJones, J.V.H. | ||
| 245 | _aGetting the figures right | ||
| 260 | _c1993 | ||
| 350 | _a0 | ||
| 490 |
_aValuer (ISVA) _v62(1) January/February 1993, 22- 23 (2) |
||
| 520 | _aConcerns the cost valuation of farming operations. Compares actual costs with standard costs. | ||
| 650 | _aAGRICULTURE | ||
| 650 | _aCOST | ||
| 650 | _aDEPRECIATION | ||
| 650 | _aFARM OPERATIONS | ||
| 650 | _aFARMS | ||
| 650 | _aREPAIRS | ||
| 650 | _aSTANDARD COSTINGS | ||
| 650 |
_aValuation _96273 |
||
| 690 | _aRATING AND VALUATION | ||
| 690 | _aRURAL PRACTICE | ||
| 942 | _n0 | ||
| 948 | _c04/03/1997 | ||
| 999 |
_c39959 _d39959 |
||